Responses for show #4278 - Wednesday, March 19, 2003

(Sarah: This is Jeopardy! Clue Crew member Sarah Whitcomb, callsign "Whitty"; keep a tight formation around your TV set for clues about the Blue Angels. Roger, over and out!)

Contestants

[<< previous game]

David Frazee, an intellectual property attorney originally from Arkansas City, Kansas

Erica Weinberg, a medical student from Oceanside, New York

Amanda Potocky, a senior clinical data coordinator from Cary, North Carolina (whose 3-day cash winnings total $38,200)

Jeopardy! Round responses

LANGUAGES
MAD
SPORTS
(Alex: You're going to love this one, this is the first time we've had a category called...)
WHO IS THEON OF SMYRNA?
"LESS" IS MORE
VEGAS, BABY
    $200 12
Hebrew

David
    $200 6
Jeff Probst

David
    $200 1
golf

Amanda
    $200 17
(Erica: What is the sun?)

Earth

AmandaErica
    $200 11
Careless

Erica
    $200 26
Mirage

Amanda
    $400 13
Dutch

David
    $400 7
Max

Erica
    $400 2
Tom Landry

David
    $400 18
Turkey

Erica
    $400 20
Ticketless

Amanda
    $400 27
Excalibur

Amanda
    $600 14
Dinka

David
    $600 8
Housewife

Erica
    $600 3
George Foreman

Erica
    $600 19
Plato

Amanda
    $600 21
godless

David
    $600 28
(Amanda: What is Monaco?)

Monte Carlo

AmandaErica
    $800 15
India

David
    $800 9
Anthony Wayne

Amanda
    $800 4
John Heisman

David
    $800 24
numbers

David
    $800 22
(Amanda: What is lineless?)

rimless

AmandaErica
    $2,000 29
(Erica: What is the Phoenix?)
....
[buzzer sounds to end the round]

Flamingo

Erica
    $1000 16
(David: What is Romanian?)

Hungarian

EricaDavid
    $1000 10
(Amanda: What is defense?)
(David: What is deterrence?)

destruction

AmandaDavid
Triple Stumper
    $1000 5
Mario Lemieux

David
    $1000 25
(Alex: With less than a minute to go now.)

Hadrian

Amanda
    $1000 23
Breathless

David

Scores at the first commercial break (after clue 16):

Amanda Erica David
$0 $2,800 $2,400

Scores at the end of the Jeopardy! Round:

Amanda Erica David
$1,400 $2,400 $4,800

Double Jeopardy! Round responses

THE BLUE ANGELS
(Alex: The Navy's Blue Angels.)
TONY-WINNING COMPOSERS
SPEECH! SPEECH!
FEDERAL AID PROGRAMS
"A" PLUS
LITERARY BEFORE & AFTER
    $400 26
gravity

Amanda
    $400 11
Andrew Lloyd Webber

David
    $400 10
slavery

Amanda
    $400 6
coal miners

Amanda
    $400 1
Afghanistan

David
    $400 21
Little Women in Love

David
    $800 27
diamond

David
    $800 14
Pete Townshend

Erica
    $800 12
less and less

Amanda
    $800 7
Hawaii

Amanda
    $800 2
Scott Adams

Amanda
    $800 22
Henry James Fenimore Cooper

Triple Stumper
    $1200 28
hornet

Amanda
    $1200 18
Stephen Sondheim

Amanda
    $1200 15
Ann Richards

David
    $1,000 8
college students

Amanda
    $1200 3
avalanches

David
    $2,000 23
Return of the Native Son

David
    $1600 29
Delta

Erica
    $1600 19
Richard Rodgers

David
    $1600 16
Jesse Jackson

David
    $1600 9
(Erica: What is Health?)

Agriculture

EricaDavid
    $1600 4
amphitheatre

Erica
    $1600 24
(Alex: MInute to go now.)

A Farewell to Arms and the Man

David
    $2000 30
Missing Man Formation

Triple Stumper
    $2000 20
Cole Porter

Triple Stumper
    $2000 17
Oliver Cromwell

Erica
    $2000 13
Veterans Affairs

Amanda
    $2000 5
amber

Amanda
    $2000 25
Heart of Darkness at Noon

David

Scores at the end of the Double Jeopardy! Round:

Amanda Erica David
$12,400 $6,800 $19,600

[wagering suggestions for these scores]

Final Jeopardy! Round responses

ALL GOD'S CREATURES
EricaWhat is a firebird?
$500
AmandaWhat is a bumblebee?
$2,000
DavidWhat is a bumblebee
$5,200
bumblebee

Final scores:

Amanda Erica David
$14,400 $6,300 $24,800
2nd place: $2,000 3rd place: $1,000 New champion: $24,800

Game dynamics:

Coryat scores:

Amanda Erica David
$12,600 $8,800 $18,800
19 R
(including 1 DD),
3 W
12 R,
3 W
(including 1 DD)
23 R
(including 1 DD),
2 W

Combined Coryat: $40,200

The J! Archive is created by fans, for fans. The Jeopardy! game show and all elements thereof, including but not limited to copyright and trademark thereto, are the property of Jeopardy Productions, Inc. and are protected under law. This website is not affiliated with, sponsored by, or operated by Jeopardy Productions, Inc. Join the discussion at JBoard.tv.